|
|
|
|
| LEADER |
00000nam a22000007a 4500 |
| 005 |
2021021809389.0 |
| 007 |
cr|||| |||| |
| 008 |
210218s2010 au |||||s|||| 00||0 eng d |
| 020 |
|
|
|a 978-0-85724-505-2
|
| 035 |
|
|
|a 32005
|
| 040 |
|
|
|a vLex
|
| 090 |
|
|
|c 11190
|d 11190
|
| 100 |
1 |
|
|a Abeysekera, Indra
|
| 245 |
1 |
0 |
|a Reputation Building, Website Disclosure and the Case of Intellectual Capital
|h [Recurso electrn̤ico] /
|c Indra Abeysekera
|n vol. 21
|
| 256 |
|
|
|a Servicio en ln̕ea
|
| 260 |
|
|
|a Bingley:
|b Emerald Group Publishing Limited,
|c 2010
|
| 300 |
|
|
|a 1 recurso electrn̤ico
|
| 506 |
1 |
|
|a Disponible solo en los productos indicados
|d vLex Global
|d vLex Global (Academic Edition, excluding Law Schools)
|d vLex Global (U.S. Academic Edition, Law Schools)
|d vLex Global (U.S. Academic Edition, excluding Law Schools)
|d vLex Global (Academic Edition, Law Schools)
|
| 650 |
0 |
4 |
|a Derecho de las Nuevas Tecnologa̕s
|z Australia
|
| 650 |
0 |
4 |
|a Economa̕ y negocios
|z Australia
|
| 740 |
0 |
|
|a vLex Libros (Servicio en ln̕ea)
|
| 856 |
4 |
0 |
|u http://vlex.com/source/32005
|z Acceso restringido
|
| 942 |
|
|
|c BOOK
|
| 999 |
0 |
|
|a New Technologies Law
|
| 999 |
0 |
|
|a Economy and business
|